00862 a2200217 4500003000500000005001700005010001600022020001500038040000900053082001200062100002600074245007200100250001100172260005300183300002500236505020200261650002900463942001200492999001900504952012100523Nust20230301132442.0 a 76040147 a0134733711 cNust00a327,HOL1 aHolsti, K. J.910501610aInternational politics :ba framework for analysis /cK. J. Holsti. a3d ed. aEnglewood Cliffs, N.J. :bPrentice-Hall,cc1977. axi, 548 p. ;c24 cm. aIntroductions (Page- 3), International Systems (Page-29), Foreign Policy Outputs (Page-107), Explanation of Foreign Policy Outputs (Page-359), Major Forms of Interaction Between States (Page-457).  0aInternational relations. 2ddccBK c184184d184184 00102ddc4070aMCSbMCScGENd2016-12-12o327,HOLpMCS21403r2016-12-08w2016-12-12yBKzAlmirah No.73, Shelf No.5